000 00863nam a2200217 i 4500
001 24679
003 ES-MaACL
005 20250727053335.0
007 t|
008 021218m17831788sp b |||| |dlat d
100 1 _aAntonio, Nicolás,
_d1617-1684
_921980
245 1 0 _aBibliotheca Hispana Nova sive Hispanorum scriptorum qui ab anno MD ad MDCLXXXIV floruere notitia /
_cauctore Nicolao Antonio Hispalensi.
260 _aMatriti :
_bJoachim de Ibarra,
_c1783-1788.
300 _a2 v. ;
_c35 cm.
530 _aDisponible en formato digital.
650 0 4 _aEscritores españoles-
_yS.XVI-XVII-
_vBiobibliografías.
_9166271
700 1 _aIbarra, Joaquín,
_d1725-1785
_9172326
852 _aES-MaACL
_j R-126-27
_x Olim: B-459-60
856 _uhttp://bdh-rd.bne.es/viewer.vm?id=0000007573&page=1
_zBiblioteca Digital Hispánica
999 _c24679
_d24679